000 00313nam a22001457a 4500
008 230907b ||||| |||| 00| 0 eng d
020 _a9780813516660
041 _aeng
080 _a902
082 _a902GOH
100 _a20
101 _aARKGJE
245 _aA HISTORY OF GEOLOGY
_cGOHAU.G
942 _2udc
_cBK
999 _c60274
_d60274